000 00722nam a2200253Ia 4500
003 OSt
005 20221005031900.0
006 a|||||r|||| 00| 0
007 ta
008 221004b |||||||| |||| 00| 0 tam d
020 _c8.00
024 _a65202
037 _cTextual
040 _aCRL
_cCRL
_btam
041 _2tam
_atam
082 _aO31,1C63xN18, L4
100 _aPillai Ma.Rasamanikkam Au.
_9584450
245 0 _aPathinen Keezhkanakku
_bPazhamozhi Nanooru
260 _aChennai
_bSaiva Siddhanta Publications India
_c1974
300 _a286p.
_ccm.
650 _aTAMIL LITERATURE
942 _hO31,1C63xN18, L4
_cTEXL
_2cc
999 _c938646
_d938646